000 00254nam a2200109Ia 4500
008 200302s9999 xx 000 0 und d
100 _aPara Leticia
245 _aRichard Holzer
260 _bImages Publishing, Austraila
260 _c2010
300 _a224 P
999 _c4838
_d4838